000 00323nam a22001337a 4500
020 _qPB.
040 _cFIZZA ISHAQ
082 _a005.1
_bJOE
100 _aSPOLSKY,JOEL.
_9133728
245 _aJOEL ON SOFTWARE /
_cJOEL SPOLSKY.
260 _aNEW YORK ;
_bAPRESS,
_c2004.
300 _a362 P. ;
_c8.9X5.9IN
942 _2ddc
_cBK
999 _c616647
_d616647